Halakhah pesuḳah : (Record no. 32391)

MARC details
000 -LEADER
fixed length control field 01885cam a2200325 a 4500
001 - CONTROL NUMBER
control field he 67000997
003 - CONTROL NUMBER IDENTIFIER
control field DLC
005 - DATE AND TIME OF LATEST TRANSACTION
control field 20260227111447.0
008 - FIXED-LENGTH DATA ELEMENTS--GENERAL INFORMATION
fixed length control field 880819m19629999is 00100 heb
010 ## - LIBRARY OF CONGRESS CONTROL NUMBER
LC control number he 67000997 //r88
035 ## - SYSTEM CONTROL NUMBER
System control number (CStRLIN)DCLH88-B943
040 ## - CATALOGING SOURCE
Original cataloging agency DLC
Transcribing agency DLC
Modifying agency DLC-R
050 0# - LIBRARY OF CONGRESS CALL NUMBER
Classification number LAW
066 ## - CHARACTER SETS PRESENT
Alternate G0 or G1 character set (2
245 00 - TITLE STATEMENT
Linkage 880-01
Title Halakhah pesuḳah :
Remainder of title mishpaṭ ha-Torah li-meḳorotaṿ ba-Talmud u-fosḳim ʻal seder ha-Shulḥan-ʻarukh, Ḥoshen ha-mishpaṭ /
Statement of responsibility, etc. hukhan, ḥubar ṿe-yotse le-or ʻal yede Maḥleḳet ha-teḥuḳah ha-Toranit shel Mekhon Hari Fishel li-derishat ha-Talmud u-mishpaṭ ha-Torah.
260 ## - PUBLICATION, DISTRIBUTION, ETC.
Linkage 880-02
Place of publication, distribution, etc. Yerushalayim :
Name of publisher, distributor, etc. ha-Makhon,
Date of publication, distribution, etc. 722-<747 > [1962-<1987 >
300 ## - PHYSICAL DESCRIPTION
Extent v. <1-2 > ;
Dimensions 27 cm.
500 ## - GENERAL NOTE
General note Title on added t.p.: Halacha pesuka.
505 1# - FORMATTED CONTENTS NOTE
Formatted contents note 1. Simanim 1-8 -- ḥeleḳ 2. Simanim 9-27.
600 10 - SUBJECT ADDED ENTRY--PERSONAL NAME
Linkage 880-03
Personal name Karo, Joseph ben Ephraim,
Dates associated with a name 1488-1575.
Title of a work Ḥoshen mishpaṭ.
650 #0 - SUBJECT ADDED ENTRY--TOPICAL TERM
Topical term or geographic name entry element Jewish law.
700 12 - ADDED ENTRY--PERSONAL NAME
Linkage 880-04
Personal name Karo, Joseph ben Ephraim,
Dates associated with a name 1488-1575.
Title of a work Ḥoshen mishpaṭ.
Date of a work 1962.
710 20 - ADDED ENTRY--CORPORATE NAME
Linkage 880-05
Corporate name or jurisdiction name as entry element Mekhon Hari Fishel (Jerusalem)
740 01 - ADDED ENTRY--UNCONTROLLED RELATED/ANALYTICAL TITLE
Uncontrolled related/analytical title Halacha pesuka.
880 00 - ALTERNATE GRAPHIC REPRESENTATION
Linkage 245-01/(2/r
a הלכה פסוקה :
b משפט התורה למקורותיו בתלמוד ופוסקים על סדר השולחן־ערוך, חושן המשפט /
c הוכן, חובר ויוצא לאור על ידי מחלקת התחוקה התורנית של מכון הרי פישל לדרישת התלמוד ומשפט התורה.
880 ## - ALTERNATE GRAPHIC REPRESENTATION
Linkage 260-02/(2/r
a ירושלים :
b המכון,
c 722-<747 > [1962-<1987 >.
880 14 - ALTERNATE GRAPHIC REPRESENTATION
Linkage 600-03/(2/r
a קארו, יוסף.
t שולחן־ערוך.
p חושן משפט.
880 12 - ALTERNATE GRAPHIC REPRESENTATION
Linkage 700-04/(2/r
a קארו, יוסף.
t שולחן־ערוך.
p חושן המשפט.
f 1962.
880 20 - ALTERNATE GRAPHIC REPRESENTATION
Linkage 710-05/(2/r
a מכון הרי פישל לדרישת התלמוד ומשפט התורה.

No items available.

Powered by Koha